|
|
|
|
| LEADER |
00000nab a2200000 a 4500 |
| 001 |
vtls000761821 |
| 003 |
SK-MaSNL |
| 005 |
20260304125228.0 |
| 008 |
250429c2001 xo 0 slo |
| 015 |
|
|
|a SNBRB2001/06-20048
|
| 035 |
|
|
|a CLN000113608
|
| 035 |
|
|
|a (urnnbn)urn:nbn:sk:snk:ar-006os2
|
| 035 |
|
|
|a (uuid)f2a28d04-bccd-4c30-9f84-da7d066f9b84
|
| 035 |
|
|
|a urn:nbn:sk:snk-ab8779
|
| 040 |
|
|
|a SNKBUCL
|b slo
|c SNKBUCL
|e AACR2
|
| 041 |
0 |
|
|a slo
|
| 044 |
|
|
|a xo
|c SK
|
| 080 |
|
|
|a 632.958
|2 1997
|
| 080 |
|
|
|a 636.09
|2 1997
|
| 080 |
|
|
|a 614.449
|2 1997
|
| 100 |
1 |
|
|a Piešťanský, Ján
|4 aut
|9 7481
|
| 245 |
1 |
0 |
|a Účinnosť a bezpečnosť deratizácie
|c Ján Piešťanský, Margaréta Mrvová
|
| 300 |
|
|
|b Tab.
|
| 650 |
0 |
7 |
|a deratizácia
|x prípravky deratizačné
|2 snkbucl
|9 1437581
|
| 650 |
0 |
7 |
|a prípravky deratizačné
|x návnady
|2 snkbucl
|9 1437582
|
| 650 |
0 |
7 |
|a rodenticídy
|2 snkbucl
|9 21046
|
| 655 |
|
7 |
|a články z novín a časopisov
|2 snkbucl
|9 267496
|
| 700 |
1 |
|
|a Mrvová, Margaréta
|4 aut
|9 863675
|
| 773 |
0 |
|
|t Slovenský chov
|g Roč. 6, č. 4 (2001), s. 44-46
|x 1335-1990
|
| 850 |
|
|
|a Slovenská národná knižnica
|
| 852 |
|
|
|a Slovenská národná knižnica
|
| 954 |
|
|
|a odborná, vedecká literatúra pôvodná (slovenská)
|2 lita
|
| 958 |
|
|
|a article9
|
| 958 |
|
|
|a OND
|
| 958 |
|
|
|a MI
|
| 958 |
|
|
|a EUIPO
|
| 999 |
|
|
|c 2893513
|d 2895443
|